Images That Start with 'Z' Quiz Stats

 Plays Quiz Updated Nov 8, 2017

Challenge
Share
Tweet
Score 0/20 Timer 04:00
0 Plays Today
% Correct
zipper
98.5%
zebra
96.6%
zombie
89%
zucchini
85.3%
zodiac
79.7%
ziplock
76.9%
zigzag
76.8%
Zamboni
71%
Zimbabwe
70.6%
Zeppelin
66.7%
% Correct
ziti
55.3%
zygote
53.9%
Zoot suit
50.6%
zinc
38.8%
zest
33.5%
zinnia
29.3%
zither
27.1%
Zero
24.8%
ziggurat
18.8%
zebu
11.1%

You're not logged in!

Compare scores with friends on all Sporcle quizzes.
OR
Log In

You Might Also Like...

Show Comments

Extras

Top Quizzes Today


Score Distribution

Your Account Isn't Verified!

In order to create a playlist on Sporcle, you need to verify the email address you used during registration. Go to your Sporcle Settings to finish the process.

Report this User

Report this user for behavior that violates our Community Guidelines.

Details: